[Event "I Copa Capivaras Do Nordeste"]
[Site "Skype"]
[Date "?"]
[Round "02.2"]
[White "Jeferson Teles"]
[Black "Fernando Carlos"]
[Result "1-0"]
[WhiteElo "2001"]
[BlackElo "1664"]
[WhiteHelo "?"]
[TimeControl "1500+10"]
[Mode "TC"]
[BlackHelo "?"]
[Termination "Abandoned"]
[UTCDate "2019.11.08"]
[Source "Analyze This Pro"]
[UTCTime "17:18:10"]
[Annotator "Ericlock1.0"]

1. e4 e5 2. Nf3 Nc6 3. Bb5 Nge7 4. Nc3 g6 5. d4 exd4 6. Nxd4 Bg7 7. Be3 O-O 8. O-O
Nxd4 9. Bxd4 c6 10. Bxg7 Kxg7 11. Be2 b5 12. a4 b4 13. Qd4+ Kg8 14. Qxb4 a5 15.
Qd6 Bb7 16. Rfd1 Nc8 17. Qxd7 Qxd7 18. Rxd7 Rb8 19. Ra3 Nb6 20. Rc7 Rfc8 21. Rxb7
Rxb7 22. Ba6 Rbc7 23. Bxc8 Rxc8 24. Rb3 Nc4 25. Rb7 Kg7 26. h4 Rd8 27. b3 Ne5 28.
f4 Ng4 29. e5 Rd2 30. e6 Ne3 31. e7 Rxg2+ 32. Kh1 Rxc2 33. e8=Q Rc1+ 34. Kh2 Rc2+
35. Kh3 Rxc3 36. Qxf7+ {las negras abandonan}  1-0

[Event "I Copa Capivaras Do Nordeste"]
[Site "Skype"]
[Date "?"]
[Round "02.2"]
[White "Givson Silva"]
[Black "Diego França"]
[Result "1/2-1/2"]
[WhiteElo "1790"]
[BlackElo "1697"]
[TimeControl "1500+10"]
[BlackFideId "8608288"]
[Source "Analyze This Pro"]
[FCGameId "1766521525"]
[WhiteFideId "8601445"]
[WhiteFed "CHN"]
[BlackFed "CHN"]

1. c4 {[%clk 0:25:19]} 1... e5 {[%clk 0:25:18]} 2. Nc3 {[%clk 0:25:28]} 2... Nf6
{[%clk 0:25:27]} 3. g3 {[%clk 0:25:36]} 3... Bc5 {[%clk 0:25:35]} 4. Bg2 {[%clk
0:25:45]} 4... O-O {[%clk 0:25:42]} 5. e3 {[%clk 0:25:53]} 5... c6 {[%clk 0:25:51]}
6. Nge2 {[%clk 0:26:01]} 6... d5 {[%clk 0:26:00]} 7. cxd5 {[%clk 0:26:10]} 7...
Nxd5 {[%clk 0:26:08]} 8. O-O {[%clk 0:26:14]} 8... Be6 {[%clk 0:25:27]} 9. d4 {[%clk
0:26:06]} 9... exd4 {[%clk 0:25:29]} 10. Ne4 {[%clk 0:26:13]} 10... Bb6 {[%clk 0:25:12]}
11. Nxd4 {[%clk 0:26:21]} 11... Qe7 {[%clk 0:25:19]} 12. Nxe6 {[%clk 0:25:24]} 12...
Qxe6 {[%clk 0:25:27]} 13. b3 {[%clk 0:25:20]} 13... Nd7 {[%clk 0:25:16]} 14. Bb2
{[%clk 0:25:24]} 14... N7f6 {[%clk 0:25:23]} 15. Nxf6+ {[%clk 0:22:50]} 15... Nxf6
{[%clk 0:25:31]} 16. Qc2 {[%clk 0:22:52]} 16... Bc7 {[%clk 0:25:31]} 17. Qc4 {[%clk
0:22:39]} 17... Rfe8 {[%clk 0:24:19]} 18. Qxe6 {[%clk 0:21:38]} 18... Rxe6 {[%clk
0:24:26]} 19. Bh3 {[%clk 0:21:46]} 19... Ree8 {[%clk 0:24:23]} 20. Bxf6 {[%clk 0:21:34]}
20... gxf6 {[%clk 0:24:30]} 21. Rfd1 {[%clk 0:20:48]} 21... Rad8 {[%clk 0:23:47]}
22. Kf1 {[%clk 0:20:54]} 22... Kf8 {[%clk 0:22:20]} 23. Ke2 {[%clk 0:20:22]} 23...
Ba5 {[%clk 0:21:20]} 24. Bf5 {[%clk 0:20:15]} 24... h6 {[%clk 0:21:21]} 25. Rxd8
{[%clk 0:19:41]} 25... Rxd8 {[%clk 0:21:28]} 26. Bd3 {[%clk 0:19:49]} 26... Rd5
{[%clk 0:21:12]} 27. Rc1 {[%clk 0:19:58]} 27... Rh5 {[%clk 0:21:08]} 28. h4 {[%clk
0:18:59]} 28... Bb4 {[%clk 0:21:16]} 29. Rc4 {[%clk 0:19:03]} 29... a5 {[%clk 0:21:23]}
30. Rg4 {[%clk 0:19:00]} 30... Rd5 {[%clk 0:21:13]} 31. a4 {[%clk 0:18:55]} 31...
b5 {[%clk 0:20:21]} 32. Rf4 {[%clk 0:17:58]} 32... Ke7 {[%clk 0:20:22]} 33. Be4
{[%clk 0:12:55]} 33... Rc5 {[%clk 0:20:19]} 34. Bd3 {[%clk 0:12:39]} 34... Rd5 {[%clk
0:20:21]} 35. Re4+ {[%clk 0:12:24]} 35... Kf8 {[%clk 0:20:27]} 36. Rg4 {[%clk 0:12:28]}
36... Bc3 {[%clk 0:19:40]} 37. Be4 {[%clk 0:11:35]} 37... Rc5 {[%clk 0:19:31]} 38.
Bh7 {[%clk 0:11:40]} 38... Ke7 {[%clk 0:19:13]} 39. Rg8 {[%clk 0:11:32]} 39... bxa4
{[%clk 0:18:35]} 40. bxa4 {[%clk 0:11:41]} 40... f5 {[%clk 0:18:14]} 41. Rc8 {[%clk
0:09:36]} 41... Kf6 {[%clk 0:16:58]} 42. e4 {[%clk 0:09:35]} 42... fxe4 {[%clk 0:17:02]}
43. Bxe4 {[%clk 0:09:44]} 43... Bb4 {[%clk 0:17:11]} 44. g4 {[%clk 0:06:15]} 44...
Kg7 {[%clk 0:16:19]} 45. f4 {[%clk 0:04:15]} 45... Rc4 {[%clk 0:15:35]} 46. Kd3
{[%clk 0:04:24]} 46... Rc3+ 47. Kd4 Rg3 {[%clk 0:15:35]} 48. g5 {[%clk 0:02:46]}
48... hxg5 {[%clk 0:15:32]} 49. hxg5 {[%clk 0:02:46]} 49... Bd2 {[%clk 0:14:20]}
50. Ke5 {[%clk 0:01:36]} 50... Rg4 {[%clk 0:14:27]} 51. Rxc6 {[%clk 0:01:12]} 51...
Rxf4 {[%clk 0:14:34]} 52. Rc2 {[%clk 0:00:34]} 52... Rf2 {[%clk 0:14:42]} 53. Kd4
{[%clk 0:00:34]} 53... Be1 {[%clk 0:14:49]} 54. Rxf2 {[%clk 0:00:42]}  1/2-1/2

[Event "I Copa Capivaras Do Nordeste"]
[Site "Skype"]
[Date "?"]
[Round "02.3"]
[White "Jeferson Teles"]
[Black "Fernando Carlos"]
[Result "1-0"]
[WhiteElo "2001"]
[BlackElo "1664"]
[WhiteHelo "?"]
[TimeControl "900+5"]
[Mode "TC"]
[BlackHelo "?"]
[Termination "time forfeit"]
[UTCDate "2019.11.08"]
[Source "Analyze This Pro"]
[UTCTime "17:55:04"]
[Annotator "Ericlock1.0"]

1. e4 e5 2. Nf3 Nc6 3. Bb5 Nge7 4. O-O g6 5. c3 Bg7 6. d4 exd4 7. cxd4 a6 8. Ba4
O-O 9. d5 Ne5 10. Nxe5 Bxe5 11. Nc3 b5 12. Bh6 bxa4 13. Bxf8 Qxf8 14. Nxa4 Qg7 15.
Qb3 Qh6 16. g3 c6 17. Qa3 Bf6 18. d6 Qf8 19. Qf3 Be5 20. Nb6 Rb8 21. dxe7 Qxe7 22.
Nxc8 Rxc8 23. Rab1 Rb8 24. b3 Bd4 25. Rbe1 Qe5 26. Qf4 Qxf4 27. gxf4 f6 28. Kg2
Kf7 29. Rd1 c5 30. Kf3 a5 31. Rd3 Rb4 32. a3 Rb7 33. h4 h5 34. Re1 d6 35. Rg1 f5
36. exf5 gxf5 37. Rg5 Ke6 38. Rxh5 Rc7 39. Rh6+ Kd5 40. Rf6 {cayó la bandera de
las negras}  1-0

[Event "I Copa Capivaras Do Nordeste"]
[Site "Skype"]
[Date "?"]
[Round "02.3"]
[White "Givson Silva"]
[Black "Diego França"]
[Result "1/2-1/2"]
[WhiteElo "1790"]
[BlackElo "1697"]
[TimeControl "1500+10"]
[BlackFideId "8602883"]
[Source "Analyze This Pro"]
[FCGameId "4559077"]
[WhiteFideId "4127870"]
[WhiteFed "RUS"]
[BlackFed "CHN"]

1. e4 {[%clk 0:10:18]} 1... c5 {[%clk 0:10:18]} 2. Nc3 {[%clk 0:10:23]} 2... d6 {[%clk
0:10:26]} 3. f4 {[%clk 0:10:24]} 3... g6 {[%clk 0:10:29]} 4. d4 {[%clk 0:10:31]}
4... cxd4 {[%clk 0:10:28]} 5. Qxd4 {[%clk 0:10:38]} 5... Nf6 {[%clk 0:10:36]} 6.
Bd3 {[%clk 0:10:38]} 6... Nc6 {[%clk 0:10:35]} 7. Qf2 {[%clk 0:10:45]} 7... Bg7
{[%clk 0:10:18]} 8. Nf3 {[%clk 0:10:45]} 8... Ng4 {[%clk 0:08:59]} 9. Qe2 {[%clk
0:10:26]} 9... O-O {[%clk 0:08:45]} 10. h3 {[%clk 0:10:32]} 10... Nf6 {[%clk 0:08:54]}
11. Qf2 {[%clk 0:10:40]} 11... Nd7 {[%clk 0:08:33]} 12. O-O {[%clk 0:09:51]} 12...
Qb6 {[%clk 0:08:41]} 13. Nd5 {[%clk 0:07:48]} 13... Qxf2+ {[%clk 0:08:48]} 14. Rxf2
{[%clk 0:07:42]} 14... Nc5 {[%clk 0:08:20]} 15. a3 {[%clk 0:05:15]} 15... Bd7 {[%clk
0:07:04]} 16. Rb1 {[%clk 0:05:15]} 16... Rac8 {[%clk 0:06:40]} 17. Be3 {[%clk 0:05:01]}
17... Nxd3 {[%clk 0:06:30]} 18. cxd3 {[%clk 0:05:09]} 18... b6 {[%clk 0:04:55]}
19. g4 {[%clk 0:04:08]} 19... f5 {[%clk 0:03:06]} 20. gxf5 {[%clk 0:04:16]} 20...
gxf5 {[%clk 0:03:14]} 21. Kh2 {[%clk 0:04:25]} 21... h6 {[%clk 0:02:29]} 22. Rg1
{[%clk 0:04:23]} 22... Kh7 {[%clk 0:02:33]} 23. Rfg2 {[%clk 0:04:19]} 23... Rf7
{[%clk 0:02:40]} 24. Nh4 {[%clk 0:03:22]} 24... fxe4 {[%clk 0:01:44]} 25. dxe4 {[%clk
0:03:29]} 25... Be6 {[%clk 0:01:47]} 26. Rc1 {[%clk 0:02:17]} 26... Bd7 {[%clk 0:01:43]}
27. Rcg1 {[%clk 0:02:10]} 27... Be6 {[%clk 0:01:51]} 28. Rc1 {[%clk 0:02:12]} 28...
Bd7 {[%clk 0:01:59]} 29. Rcg1 {[%clk 0:02:04]} 29... e6 {[%clk 0:01:29]} 30. Rxg7+
{[%clk 0:02:01]} 30... Rxg7 {[%clk 0:01:38]} 31. Nf6+ {[%clk 0:02:10]} 31... Kh8
{[%clk 0:01:47]} 32. Ng6+ {[%clk 0:02:19]} 32... Rxg6 {[%clk 0:01:55]} 33. Rxg6
{[%clk 0:02:28]} 33... Ne7 {[%clk 0:01:50]} 34. Rg2 {[%clk 0:02:30]} 34... Ba4 {[%clk
0:01:17]} 35. f5 {[%clk 0:02:34]} 35... Rc2 {[%clk 0:00:39]} 36. Rxc2 {[%clk 0:02:40]}
36... Bxc2 {[%clk 0:00:47]} 37. fxe6 {[%clk 0:02:48]} 37... Kg7 {[%clk 0:00:55]}
38. Ne8+ {[%clk 0:02:56]} 38... Kg6 {[%clk 0:01:03]} 39. Nxd6 {[%clk 0:03:04]} 39...
h5 {[%clk 0:00:31]} 40. Bd4 {[%clk 0:03:11]} 40... Bb3 {[%clk 0:00:39]} 41. Kg3
{[%clk 0:03:16]} 41... Bxe6 {[%clk 0:00:47]} 42. h4 {[%clk 0:03:22]} 42... Nc8 {[%clk
0:00:41]} 43. Nb5 {[%clk 0:02:55]} 43... Bd7 {[%clk 0:00:49]} 44. Nc7 {[%clk 0:02:16]}
44... Nd6 {[%clk 0:00:47]} 45. Kf4 {[%clk 0:02:14]} 45... Nb5 {[%clk 0:00:56]} 46.
Nxb5 {[%clk 0:02:07]} 46... Bxb5 {[%clk 0:01:04]} 47. Ke5 {[%clk 0:02:16]} 47...
Bc6 {[%clk 0:00:45]} 48. Bc3 {[%clk 0:02:08]} 48... Kf7 {[%clk 0:00:29]} 49. Bb4
{[%clk 0:02:16]} 49... a5 {[%clk 0:00:29]} 50. Bd6  1/2-1/2

[Event "I Copa Capivaras Do Nordeste"]
[Site "Skype"]
[Date "?"]
[Round "02.4"]
[White "Fernando Carlos"]
[Black "Jeferson Teles"]
[Result "1-0"]
[WhiteElo "1664"]
[BlackElo "2001"]
[WhiteHelo "?"]
[TimeControl "900+5"]
[Mode "TC"]
[BlackHelo "?"]
[Termination "time forfeit"]
[UTCDate "2019.11.08"]
[Source "Analyze This Pro"]
[UTCTime "18:36:32"]
[Annotator "Ericlock1.0"]

1. c4 Nf6 2. d4 g6 3. Nf3 Bg7 4. Nc3 O-O 5. e4 d6 6. Be2 e5 7. dxe5 dxe5 8. O-O c6
9. Bg5 Nbd7 10. Qc2 b6 11. Bh4 Bb7 12. Rfd1 Re8 13. Rd2 Qc7 14. Rad1 Re6 15. Bg3
Rc8 16. b3 Re7 17. h3 Ree8 18. Nh2 Nf8 19. Ng4 Nxg4 20. Bxg4 Ne6 21. Bxe6 Rxe6 22.
Rd7 Qb8 23. Qd3 Ree8 24. Qd6 Qxd6 25. R1xd6 Rb8 26. Rc7 Rec8 27. Rdd7 Rxc7 28. Rxc7
a5 29. Na4 Bf6 30. f4 b5 31. fxe5 Bd8 32. Rd7 bxa4 33. e6 axb3 34. axb3 Bb6+ 35.
Kh2 Bc8 36. exf7+ Kg7 37. Be5+ Kh6 38. f8=Q+ Kh5 39. Qf3+ Kg5 40. Qf4+ Kh5 41. g4+
{cayó la bandera de las negras}  1-0

[Event "I Copa Capivaras Do Nordeste"]
[Site "Skype"]
[Date "?"]
[Round "02.4"]
[White "Diego França"]
[Black "Givson Silva"]
[Result "1/2-1/2"]
[WhiteElo "1697"]
[BlackElo "1790"]
[TimeControl "1500+10"]
[BlackFideId "8603820"]
[Source "Analyze This Pro"]
[FCGameId "1675206091"]
[WhiteFideId "12500739"]
[WhiteFed "IRI"]
[BlackFed "CHN"]

1. d4 {[%clk 0:10:18]} 1... Nf6 {[%clk 0:10:19]} 2. c4 {[%clk 0:10:25]} 2... g6 {[%clk
0:10:27]} 3. Nc3 {[%clk 0:10:31]} 3... d5 {[%clk 0:10:35]} 4. Bf4 {[%clk 0:10:38]}
4... Bg7 {[%clk 0:10:44]} 5. e3 {[%clk 0:10:46]} 5... dxc4 {[%clk 0:10:52]} 6. Bxc4
{[%clk 0:10:50]} 6... O-O {[%clk 0:11:00]} 7. Nf3 {[%clk 0:10:55]} 7... Nbd7 {[%clk
0:11:09]} 8. O-O {[%clk 0:10:51]} 8... Nh5 {[%clk 0:11:18]} 9. Bg5 {[%clk 0:10:55]}
9... h6 {[%clk 0:11:26]} 10. Bh4 {[%clk 0:11:01]} 10... g5 {[%clk 0:11:35]} 11.
Nd2 {[%clk 0:11:05]} 11... Ndf6 {[%clk 0:11:43]} 12. Bg3 {[%clk 0:11:09]} 12...
Nxg3 {[%clk 0:11:52]} 13. hxg3 {[%clk 0:11:16]} 13... c6 {[%clk 0:12:00]} 14. Nf3
{[%clk 0:11:08]} 14... Bf5 {[%clk 0:11:58]} 15. Rc1 {[%clk 0:11:07]} 15... e6 {[%clk
0:12:05]} 16. Re1 {[%clk 0:09:44]} 16... Qb6 {[%clk 0:11:59]} 17. Bb3 {[%clk 0:08:15]}
17... Rad8 {[%clk 0:12:05]} 18. Qe2 {[%clk 0:08:17]} 18... Bg4 {[%clk 0:11:57]}
19. Na4 {[%clk 0:07:27]} 19... Qc7 {[%clk 0:12:04]} 20. Nc5 {[%clk 0:06:58]} 20...
Qe7 {[%clk 0:12:13]} 21. Nd3 {[%clk 0:07:00]} 21... Nd7 {[%clk 0:12:21]} 22. Qc2
{[%clk 0:07:00]} 22... Bf5 {[%clk 0:12:09]} 23. Qe2 {[%clk 0:06:14]} 23... Bg4 {[%clk
0:10:29]} 24. Qc2 {[%clk 0:06:21]} 24... a5 {[%clk 0:10:36]} 25. a3 {[%clk 0:06:00]}
25... Bh5 {[%clk 0:09:55]} 26. Qc3 {[%clk 0:05:40]} 26... Bg6 {[%clk 0:09:57]} 27.
Bc2 {[%clk 0:05:42]} 27... Ra8 {[%clk 0:09:35]} 28. Nc5 {[%clk 0:04:32]} 28... Qxc5
{[%clk 0:09:33]} 29. Qxc5 {[%clk 0:04:27]} 29... Nxc5 {[%clk 0:09:42]} 30. Bxg6
{[%clk 0:04:24]} 30... Nd7 {[%clk 0:07:20]} 31. Bd3 {[%clk 0:03:05]} 31... Rfd8
{[%clk 0:07:02]} 32. Rc2 {[%clk 0:01:14]} 32... Kf8 {[%clk 0:05:16]} 33. Be2 {[%clk
0:01:02]} 33... a4 {[%clk 0:05:06]} 34. Rec1 {[%clk 0:00:55]} 34... Ke7 {[%clk 0:04:38]}
35. Kf1 {[%clk 0:01:00]} 35... f5 {[%clk 0:04:45]} 36. Bd3 {[%clk 0:00:54]} 36...
g4 {[%clk 0:03:24]} 37. Nd2 {[%clk 0:00:53]} 37... Ne5 {[%clk 0:03:21]} 38. Be2
{[%clk 0:00:57]} 38... Nf7 {[%clk 0:03:08]} 39. Nc4 {[%clk 0:00:57]} 39... Nd6 {[%clk
0:03:17]} 40. Nxd6 {[%clk 0:00:41]} 40... Rxd6 {[%clk 0:03:26]} 41. Rc5 {[%clk 0:00:40]}
41... Kd7 {[%clk 0:03:17]} 42. f4 {[%clk 0:00:46]} 42... Rd5 {[%clk 0:03:00]} 43.
Rxd5+ {[%clk 0:00:51]} 43... exd5 {[%clk 0:02:54]} 44. Bd3 {[%clk 0:00:57]} 44...
Ke6 {[%clk 0:03:03]} 45. Ke2 {[%clk 0:01:05]} 45... Kf6 {[%clk 0:02:37]}  1/2-1/2

[Event "I Copa Capivaras Do Nordeste"]
[Site "Skype"]
[Date "?"]
[Round "02.5"]
[White "Fernando Carlos"]
[Black "Jeferson Teles"]
[Result "1-0"]
[WhiteElo "1664"]
[BlackElo "2001"]
[WhiteHelo "?"]
[TimeControl "600+5"]
[Mode "TC"]
[BlackHelo "?"]
[Termination "time forfeit"]
[UTCDate "2019.11.09"]
[Source "Analyze This Pro"]
[UTCTime "23:52:24"]
[Annotator "Ericlock1.0"]

1. c4 c5 2. Nf3 Nc6 3. e3 e5 4. Be2 e4 5. Ng1 Qg5 6. g3 Nf6 7. Nh3 Qh6 8. Nf4 Bd6
9. Nd5 Nxd5 10. cxd5 Nb4 11. Nc3 O-O 12. Nxe4 Qg6 13. Nxd6 Nc2+ 14. Kf1 Nxa1 15.
Nc4 Qe4 16. f3 Qxd5 17. b3 b5 18. e4 Qb7 19. Nd6 Qa6 20. Nxb5 Qxa2 21. Nc3 Qxb3
22. Qxb3 Nxb3 23. Na2 Rb8 24. Bc4 Nxc1 25. Nxc1 a5 26. Ke2 a4 27. Na2 a3 28. Rc1
d6 29. f4 Be6 30. Bxe6 fxe6 31. e5 {cayó la bandera de las negras}  1-0

[Event "I Copa Capivaras Do Nordeste"]
[Site "Skype"]
[Date "?"]
[Round "02.5"]
[White "Diego França"]
[Black "Givson Silva"]
[Result "1/2-1/2"]
[WhiteElo "1697"]
[BlackElo "1790"]
[TimeControl "1500+10"]
[BlackFideId "1130420"]
[Source "Analyze This Pro"]
[FCGameId "-940827117"]
[WhiteFideId "13402960"]
[WhiteFed "AZE"]
[BlackFed "POL"]

1. d4 {[%clk 0:05:05]} 1... f5 {[%clk 0:05:06]} 2. g3 {[%clk 0:05:07]} 2... Nf6 {[%clk
0:05:08]} 3. Bg2 {[%clk 0:05:09]} 3... d6 {[%clk 0:05:10]} 4. Nc3 {[%clk 0:04:28]}
4... g6 {[%clk 0:04:55]} 5. e4 {[%clk 0:04:29]} 5... fxe4 {[%clk 0:04:55]} 6. Nxe4
{[%clk 0:04:31]} 6... Bg7 {[%clk 0:04:57]} 7. Nxf6+ {[%clk 0:04:21]} 7... exf6 {[%clk
0:04:46]} 8. Ne2 {[%clk 0:04:24]} 8... d5 {[%clk 0:04:30]} 9. O-O {[%clk 0:04:14]}
9... O-O {[%clk 0:04:31]} 10. Nf4 {[%clk 0:04:14]} 10... c6 {[%clk 0:04:32]} 11.
Re1 {[%clk 0:04:16]} 11... Na6 {[%clk 0:04:26]} 12. c4 {[%clk 0:04:00]} 12... g5
{[%clk 0:03:53]} 13. Nh5 {[%clk 0:03:53]} 13... Nc7 {[%clk 0:03:46]} 14. Nxg7 {[%clk
0:03:33]} 14... Kxg7 {[%clk 0:03:48]} 15. cxd5 {[%clk 0:03:33]} 15... Nxd5 {[%clk
0:03:48]} 16. Qb3 {[%clk 0:03:29]} 16... Rf7 {[%clk 0:03:43]} 17. Bd2 {[%clk 0:03:20]}
17... Bf5 {[%clk 0:03:42]} 18. Re2 {[%clk 0:03:22]} 18... Qd7 {[%clk 0:03:31]} 19.
Rae1 {[%clk 0:03:22]} 19... Bg4 {[%clk 0:03:26]} 20. Re4 {[%clk 0:02:54]} 20...
Bf5 {[%clk 0:03:19]} 21. R4e2 {[%clk 0:02:56]} 21... Bh3 {[%clk 0:03:09]} 22. Bxd5
{[%clk 0:02:46]} 22... cxd5 {[%clk 0:02:54]} 23. Bb4 {[%clk 0:02:46]} 23... Rc8
{[%clk 0:02:37]} 24. f3 {[%clk 0:02:41]} 24... h5 {[%clk 0:02:30]} 25. Qe3 {[%clk
0:02:05]} 25... Qf5 {[%clk 0:02:22]} 26. Bc3 {[%clk 0:01:50]} 26... Rcc7 {[%clk
0:02:15]} 27. Kf2 {[%clk 0:01:44]} 27... Rc8 {[%clk 0:01:39]} 28. Qd2 {[%clk 0:01:38]}
28... Bg4 {[%clk 0:01:18]} 29. Re3 {[%clk 0:01:32]} 29... b6 {[%clk 0:01:12]} 30.
Qd3 {[%clk 0:01:28]} 30... Qxd3 {[%clk 0:01:09]} 31. Rxd3 {[%clk 0:01:30]} 31...
Bf5 {[%clk 0:01:08]} 32. Rde3 {[%clk 0:01:32]} 32... g4 {[%clk 0:01:08]} 33. Re7
{[%clk 0:01:31]} 33... gxf3 {[%clk 0:01:06]} 34. Rxf7+ {[%clk 0:01:33]} 34... Kxf7
{[%clk 0:01:09]} 35. Kxf3 {[%clk 0:01:34]} 35... Be4+ {[%clk 0:01:10]} 36. Ke3 {[%clk
0:01:23]} 36... Rg8 {[%clk 0:01:01]} 37. Re2 {[%clk 0:01:20]} 37... h4 {[%clk 0:01:00]}
38. gxh4 {[%clk 0:01:18]} 38... Rg4 {[%clk 0:00:53]} 39. Be1 {[%clk 0:01:20]} 39...
f5 {[%clk 0:00:44]} 40. Bg3 {[%clk 0:01:21]} 40... Rg8 {[%clk 0:00:35]} 41. Rf2
{[%clk 0:01:11]} 41... Rc8 {[%clk 0:00:34]} 42. Kf4 {[%clk 0:01:11]} 42... Kg6 {[%clk
0:00:28]} 43. Ke5 {[%clk 0:00:53]} 43... a5 {[%clk 0:00:28]} 44. Kd6 {[%clk 0:00:43]}
44... a4 {[%clk 0:00:28]} 45. a3 {[%clk 0:00:33]} 45... Kh5 {[%clk 0:00:28]} 46.
Ke5 {[%clk 0:00:34]} 46... Rc1 {[%clk 0:00:18]} 47. Bf4 {[%clk 0:00:27]} 47... Rg1
{[%clk 0:00:07]} 48. Bg5 {[%clk 0:00:20]} 48... b5 {[%clk 0:00:08]} 49. Kf4 {[%clk
0:00:08]} 49... Rg4+ {[%clk 0:00:06]} 50. Ke5 {[%clk 0:00:10]} 50... Rg1 {[%clk
0:00:08]} 51. Kf6 {[%clk 0:00:11]} 51... Rd1 {[%clk 0:00:06]} 52. Ke5 {[%clk 0:00:08]}
52... Rg1 {[%clk 0:00:07]} 53. Kd6 {[%clk 0:00:07]} 53... Rg2 {[%clk 0:00:06]} 54.
Rxg2 {[%clk 0:00:08]} 54... Bxg2 {[%clk 0:00:08]} 55. Ke5 {[%clk 0:00:10]} 55...
Kg6 {[%clk 0:00:07]} 56. Bd8 {[%clk 0:00:10]} 56... Be4 {[%clk 0:00:07]} 57. Kf4
{[%clk 0:00:12]} 57... Bc2 {[%clk 0:00:07]} 58. Be7 {[%clk 0:00:14]} 58... Bb3 {[%clk
0:00:09]} 59. h5+ {[%clk 0:00:15]} 59... Kxh5 {[%clk 0:00:11]} 60. Kxf5 {[%clk 0:00:17]}
60... Bc4 {[%clk 0:00:13]} 61. Ke5 {[%clk 0:00:15]} 61... Bb3 {[%clk 0:00:16]} 62.
Kd6 {[%clk 0:00:17]} 62... Bc4 {[%clk 0:00:18]} 63. Kc5 {[%clk 0:00:18]} 63... Kg4
{[%clk 0:00:20]} 64. h4 {[%clk 0:00:20]} 64... Kh5 {[%clk 0:00:22]} 65. Kd6 {[%clk
0:00:16]} 65... Kg4 {[%clk 0:00:23]} 66. Ke5 {[%clk 0:00:18]} 66... Kh5 {[%clk 0:00:26]}
67. Kf4 {[%clk 0:00:20]} 67... Bb3 {[%clk 0:00:28] -error}  1/2-1/2

[Event "I Copa Capivaras Do Nordeste"]
[Site "Skype"]
[Date "?"]
[Round "02.6"]
[White "Jeferson Teles"]
[Black "Fernando Carlos"]
[Result "1-0"]
[WhiteElo "2001"]
[BlackElo "1664"]
[WhiteHelo "?"]
[TimeControl "600+5"]
[Mode "TC"]
[BlackHelo "?"]
[Termination "time forfeit"]
[UTCDate "2019.11.10"]
[Source "Analyze This Pro"]
[UTCTime "00:24:08"]
[Annotator "Ericlock1.0"]

1. d4 Nf6 2. c4 d5 3. cxd5 Nxd5 4. e4 Nf6 5. Nc3 e6 6. Bc4 Bb4 7. Nf3 Bxc3+ 8. bxc3
Nxe4 9. Qc2 Nf6 10. Ba3 Nc6 11. Kf1 Bd7 12. d5 Ne7 13. dxe6 fxe6 14. Ng5 Nfd5 15.
Re1 Qc8 16. Bxd5 Nxd5 17. h4 h6 18. Qg6+ Kd8 19. Nf7+ {cayó la bandera de las negras}
 1-0

[Event "I Copa Capivaras Do Nordeste"]
[Site "Skype"]
[Date "?"]
[Round "02.6"]
[White "Givson Silva"]
[Black "Diego França"]
[Result "1/2-1/2"]
[WhiteElo "1790"]
[BlackElo "1697"]
[TimeControl "1500+10"]
[BlackFideId "4118987"]
[Source "Analyze This Pro"]
[FCGameId "359349504"]
[WhiteFideId "24116068"]
[WhiteFed "NED"]
[BlackFed "RUS"]

1. c4 {[%clk 0:10:19]} 1... e5 {[%clk 0:10:19]} 2. g3 {[%clk 0:10:28]} 2... Nf6 {[%clk
0:10:27]} 3. Bg2 {[%clk 0:10:38]} 3... c6 {[%clk 0:10:36]} 4. Nf3 {[%clk 0:10:46]}
4... e4 {[%clk 0:10:43]} 5. Nd4 {[%clk 0:10:56]} 5... d5 {[%clk 0:10:50]} 6. d3
{[%clk 0:11:04]} 6... Bc5 {[%clk 0:10:58]} 7. Nb3 {[%clk 0:11:13]} 7... Bb4+ {[%clk
0:11:07]} 8. Bd2 {[%clk 0:11:22]} 8... Bxd2+ {[%clk 0:11:16]} 9. Qxd2 {[%clk 0:11:31]}
9... dxc4 {[%clk 0:11:24]} 10. dxc4 {[%clk 0:11:40]} 10... Qe7 {[%clk 0:11:33]}
11. Nc3 {[%clk 0:11:48]} 11... O-O {[%clk 0:11:41]} 12. Rd1 {[%clk 0:11:20]} 12...
e3 {[%clk 0:11:42]} 13. Qxe3 {[%clk 0:11:29]} 13... Qxe3 {[%clk 0:11:50]} 14. fxe3
{[%clk 0:11:38]} 14... Ng4 {[%clk 0:11:58]} 15. Rd3 {[%clk 0:11:29]} 15... Na6 {[%clk
0:12:03]} 16. a3 {[%clk 0:09:57]} 16... Be6 {[%clk 0:10:57]} 17. Na5 {[%clk 0:09:27]}
17... Nc5 {[%clk 0:10:56]} 18. Rd4 {[%clk 0:09:08]} 18... Nxe3 {[%clk 0:10:59]}
19. Kf2 {[%clk 0:09:18]} 19... Ng4+ {[%clk 0:09:11]} 20. Kf3 {[%clk 0:08:36]} 20...
Nd7 {[%clk 0:08:38]} 21. h3 {[%clk 0:07:46]} 21... Nde5+ {[%clk 0:04:22]} 22. Ke4
{[%clk 0:05:47]} 22... f5+ {[%clk 0:03:46]} 23. Kf4 {[%clk 0:05:56]} 23... c5 {[%clk
0:00:59]} 24. Rd2 {[%clk 0:05:47]} 24... Ng6+ {[%clk 0:00:49]} 25. Kf3 {[%clk 0:05:56]}
25... N6e5+ {[%clk 0:00:43]} 26. Kf4 {[%clk 0:06:06]} 26... Ng6+ {[%clk 0:00:27]}
27. Kf3 {[%clk 0:06:15]} 27... N6e5+  1/2-1/2

[Event "I Copa Capivaras Do Nordeste"]
[Site "Skype"]
[Date "?"]
[Round "02.7"]
[White "Jeferson Teles"]
[Black "Fernando Carlos"]
[Result "1-0"]
[WhiteElo "2001"]
[BlackElo "1664"]
[WhiteHelo "?"]
[TimeControl "300+5"]
[Mode "TC"]
[BlackHelo "?"]
[Termination "time forfeit"]
[UTCDate "2019.11.10"]
[Source "Analyze This Pro"]
[UTCTime "00:52:52"]
[Annotator "Ericlock1.0"]

1. e4 e6 2. c4 d6 3. Nf3 g6 4. d4 Bg7 5. Bd3 Ne7 6. O-O O-O 7. Nc3 Nd7 8. d5 Ne5
9. Nxe5 Bxe5 10. dxe6 Bxe6 11. Nd5 c6 12. Nf6+ Bxf6 13. e5 Bxe5 14. Bh6 Bg7 15.
Bxg7 Kxg7 16. Bc2 Bf5 17. Bxf5 Nxf5 18. g4 Qf6 19. gxf5 Qxf5 20. Qxd6 Rad8 21. Qb4
Rd4 22. f3 Qg5+ 23. Kf2 {cayó la bandera de las negras}  1-0

[Event "I Copa Capivaras Do Nordeste"]
[Site "Skype"]
[Date "?"]
[Round "02.7"]
[White "Givson Silva"]
[Black "Diego França"]
[Result "1-0"]
[WhiteElo "1790"]
[BlackElo "1697"]
[WhiteHelo "?"]
[TimeControl "300"]
[Mode "TC"]
[BlackHelo "?"]
[Termination "time forfeit"]
[UTCDate "2019.11.08"]
[Source "Analyze This Pro"]
[UTCTime "20:39:12"]
[Annotator "Ericlock1.0"]

1. d4 Nf6 2. c4 d5 3. cxd5 Nxd5 4. e4 Nf6 5. Nc3 e6 6. e5 Nd5 7. Bc4 Bb4 8. Bxd5
Bxc3+ 9. bxc3 Qxd5 10. Qg4 O-O 11. Bh6 g6 12. Bxf8 Kxf8 13. Qf3 Kg8 14. Qxd5 exd5
15. Nf3 Nc6 16. O-O b5 17. Rab1 a6 18. Rfe1 Bf5 19. Rb2 Na5 20. Rbe2 Nc4 21. Rd1
{cayó la bandera de las negras}  1-0